Statistiques concernant One piece par image #5

Cliquez ici pour prendre le quiz!

Statistiques générales

  • Ce quiz a été pris 188 fois
  • Le résultat moyen est 18 sur 19

Statistiques - réponses

Réponse% Correct
ace
99%
luffy
99%
nami
99%
roronoa zoro
99%
sanji
99%
doflamingo
98%
big mom
97%
crocodile
97%
sabo
97%
trafalgar law
97%
eustass kid
96%
akainu
95%
aokiji
95%
kaido
95%
katakuri
92%
kizaru
92%
rob lucci
88%
fujitora
83%
basil hawkins
79%

Distribution des résultats

Percentile par nombre de réponses

% des personnes avec chaque résultat

Votre développement - résultats

Vous n’avez pas pris ce quiz